[Event "Europe Echecs Blitz May op"]
[Site "Europe Echecs INT"]
[Date "2021.05.09"]
[Round "4"]
[White "Faydi, Jonathan J"]
[Black "Trolong, Alain"]
[Result "1-0"]
[WhiteElo "2087"]
[BlackElo "1303"]
[PlyCount "113"]
[EventDate "2021.05.09"]
[EventType "swiss (blitz)"]
[EventRounds "11"]
[EventCountry "FRA"]
[SourceTitle "CBM 202 Extra"]
[Source "ChessBase"]
[SourceDate "2021.07.31"]
[SourceVersion "1"]
[SourceVersionDate "2021.07.31"]
[SourceQuality "1"]

1. d4 d5 2. Nc3 c6 3. Bf4 Bf5 4. e3 Nf6 5. f3 Nbd7 6. g4 Bg6 7. h4 h6 8. Bd3 Bxd3 9. Qxd3 Qb6 10. 0-0-0 0-0-0 11. Nge2 e6 12. g5 hxg5 13. hxg5 Nh5 14. Rdg1 g6 15. Bg3 c5 16. Bf2 c4 17. Qd2 Bd6 18. e4 Qc7 19. exd5 exd5 20. Nxd5 Qc6 21. Nec3 Nb6 22. Nxb6+ axb6 23. d5 Qc5 24. Ne4 Qa5 25. Nxd6+ Rxd6 26. Qxa5 bxa5 27. Rd1 Rhd8 28. Be3 Rxd5 29. Rxd5 Rxd5 30. Rd1 Rxd1+ 31. Kxd1 Kd7 32. Kd2 b5 33. a4 Kc6 34. axb5+ Kxb5 35. Kc3 a4 36. Kd4 Ng3 37. Ke5 Nf5 38. Bf2 Kc6 39. Kf6 Nd6 40. Bg3 Nb5 41. Kxf7 Kd7 42. Kxg6 Ke8 43. Kh7 Nd4 44. g6 Ne6 45. g7 Nxg7 46. Kxg7 Kd7 47. f4 Ke6 48. f5+ Kxf5 49. Be1 Ke4 50. Bc3 Kf3 51. Kf6 Ke2 52. Ke5 Kd1 53. Kd4 Kxc2 54. Kxc4 a3 55. bxa3 Kb1 56. a4 Ka2 57. a5 1-0

[Event "C'Chartres Blitz op April"]
[Site "Europe Echecs INT"]
[Date "2021.04.10"]
[Round "4"]
[White "Alberola, Raphael"]
[Black "Faydi, Jonathan J"]
[Result "0-1"]
[WhiteElo "1664"]
[BlackElo "2087"]
[PlyCount "110"]
[EventDate "2021.04.10"]
[EventType "swiss (blitz)"]
[EventRounds "11"]
[EventCountry "FRA"]
[SourceTitle "CBM 201 Extra"]
[Source "ChessBase"]
[SourceDate "2021.05.31"]
[SourceVersion "1"]
[SourceVersionDate "2021.05.31"]
[SourceQuality "1"]

1. e4 c6 2. d4 d5 3. Nd2 dxe4 4. Nxe4 Nf6 5. Ng3 g6 6. h3 Bg7 7. Nf3 0-0 8. c3 Nbd7 9. Bd3 c5 10. 0-0 cxd4 11. cxd4 Nb6 12. Bg5 h6 13. Bf4 Nbd5 14. Be5 b6 15. a3 Bb7 16. Rc1 Rc8 17. Qe2 Qd7 18. Bb1 Rxc1 19. Rxc1 Rc8 20. Rd1 e6 21. h4 h5 22. Ng5 Qc6 23. f3 Nd7 24. Bxg7 Kxg7 25. Qd3 N7f6 26. N3e4 Qc4 27. Qd2 Ba6 28. Nxf6 Nxf6 29. Ne4 Nxe4 30. fxe4 Qe2 31. Qxe2 Bxe2 32. Re1 Bg4 33. Kf2 Rc4 34. Ke3 Kf6 35. Bd3 Rc7 36. e5+ Ke7 37. g3 a5 38. Rb1 Bf5 39. Bxf5 gxf5 40. Kf4 f6 41. exf6+ Kxf6 42. Re1 Rc2 43. Rb1 Rd2 44. Ke3 Rg2 45. Kf3 Rc2 46. b4 a4 47. Rd1 Rc3+ 48. Kf4 Rxa3 49. Rc1 Rb3 50. Rc6 Rxb4 51. Ke3 Rb3+ 52. Kd2 a3 53. d5 a2 54. Rxe6+ Kf7 55. Kc2 Rb1 0-1

[Event "C'Chartres Blitz op April"]
[Site "Europe Echecs INT"]
[Date "2021.04.10"]
[Round "9"]
[White "Faydi, Jonathan J"]
[Black "Marsac, Hugo"]
[Result "1-0"]
[WhiteElo "2087"]
[BlackElo "1658"]
[PlyCount "95"]
[EventDate "2021.04.10"]
[EventType "swiss (blitz)"]
[EventRounds "11"]
[EventCountry "FRA"]
[SourceTitle "CBM 201 Extra"]
[Source "ChessBase"]
[SourceDate "2021.05.31"]
[SourceVersion "1"]
[SourceVersionDate "2021.05.31"]
[SourceQuality "1"]

1. d4 Nf6 2. Nf3 e6 3. Bf4 d5 4. e3 c5 5. c3 Qb6 6. Qb3 c4 7. Qc2 Bd6 8. Bxd6 Qxd6 9. Nbd2 0-0 10. e4 dxe4 11. Nxe4 Nxe4 12. Qxe4 Nd7 13. Bxc4 Nf6 14. Qh4 Bd7 15. 0-0 Bc6 16. Ne5 Bd5 17. Bxd5 Qxd5 18. Rfe1 b5 19. a3 a5 20. Qf4 Rab8 21. h3 Rfd8 22. Qf3 Qxf3 23. gxf3 Rb6 24. Rad1 h6 25. Nd3 Nd5 26. f4 Rc8 27. Re5 b4 28. axb4 axb4 29. Rxd5 exd5 30. Nxb4 Rb5 31. Re1 Kf8 32. Re5 Rd8 33. Kf1 f6 34. Re6 Kf7 35. f5 g6 36. Rc6 gxf5 37. Kg2 Kg6 38. Kf3 Rd7 39. Kf4 Re7 40. Rd6 Re4+ 41. Kf3 Re1 42. Rxd5 h5 43. Rxb5 Rb1 44. Nd3 Rd1 45. Nf4+ Kg5 46. Ne6+ Kg6 47. d5 Rc1 48. d6 1-0

[Event "Leiden SB-ch"]
[Site "Leiden"]
[Date "2013.06.04"]
[Round "3"]
[White "Van Briemen, Willem Jan"]
[Black "Faydi, Jonathan J"]
[Result "1-0"]
[WhiteElo "2023"]
[BlackElo "2138"]
[PlyCount "67"]
[EventDate "2013.05.21"]
[EventType "swiss"]
[EventRounds "7"]
[EventCountry "NED"]
[SourceTitle "EXT 2014"]
[Source "ChessBase"]
[SourceDate "2013.11.20"]
[SourceVersion "1"]
[SourceVersionDate "2013.11.20"]
[SourceQuality "1"]

1. d4 Nf6 2. c4 g6 3. Nc3 Bg7 4. e4 d6 5. Be2 0-0 6. Nf3 Na6 7. 0-0 e5 8. Bg5 h6 9. Bh4 g5 10. Bg3 Nh5 11. d5 c5 12. Nd2 Nf4 13. Bg4 Bxg4 14. Qxg4 h5 15. Qf5 Nb4 16. h4 Nc2 17. Bxf4 gxf4 18. Rac1 Nd4 19. Qxh5 f5 20. Nf3 Nxf3+ 21. gxf3 Qd7 22. Kh2 Qf7 23. Qxf5 Qxf5 24. exf5 Rxf5 25. Ne4 Rd8 26. Rg1 Kh8 27. Rg6 Rh5 28. Kh3 Rh6 29. Rcg1 Rd7 30. Rxh6+ Bxh6 31. Rg6 Bf8 32. Nf6 Rg7 33. Rh6+ Rh7 34. Rxh7# 1-0

[Event "Leiden SB-ch"]
[Site "Leiden"]
[Date "2010.06.08"]
[Round "4"]
[White "Faydi, Jonathan J"]
[Black "Siero, Paul"]
[Result "1-0"]
[WhiteElo "2117"]
[BlackElo "1158"]
[PlyCount "63"]
[EventDate "2010.05.18"]
[EventType "swiss"]
[EventRounds "7"]
[EventCountry "NED"]
[SourceTitle "EXT 2012"]
[Source "ChessBase"]
[SourceDate "2011.11.24"]
[SourceVersion "1"]
[SourceVersionDate "2011.11.24"]
[SourceQuality "1"]

1. d4 d5 2. Nf3 Nf6 3. Bf4 e6 4. e3 Bd6 5. Bg3 b6 6. c3 0-0 7. Nbd2 c5 8. Ne5 cxd4 9. cxd4 a6 10. Bd3 Nbd7 11. Nc6 Qc7 12. Rc1 Nb8 13. Ne5 Qe7 14. Bh4 h6 15. g4 g5 16. Bg3 Bb4 17. h4 Bxd2+ 18. Qxd2 Ne4 19. Bxe4 dxe4 20. hxg5 Qxg5 21. Bf4 Qf6 22. Rxh6 Qg7 23. Rc7 a5 24. g5 Na6 25. Ng4 Nxc7 26. Nf6+ Qxf6 27. gxf6 Nd5 28. f3 exf3 29. Rh8+ Kxh8 30. Qh2+ Kg8 31. Qg3+ Kh7 32. Qg7# 1-0

[Event "Leiden SB-ch"]
[Site "Leiden"]
[Date "2007.06.05"]
[Round "4"]
[White "Faydi, Jonathan J"]
[Black "Termeulen, Albert"]
[Result "0-1"]
[WhiteElo "1993"]
[BlackElo "2107"]
[PlyCount "54"]
[EventDate "2007.05.15"]
[EventType "swiss"]
[EventRounds "7"]
[EventCountry "NED"]
[SourceTitle "EXT 2012"]
[Source "ChessBase"]
[SourceDate "2011.11.24"]
[SourceVersion "1"]
[SourceVersionDate "2011.11.24"]
[SourceQuality "1"]

1. e4 d6 2. d4 Nf6 3. Nc3 g6 4. Nf3 Bg7 5. h3 0-0 6. Be3 c6 7. a4 Qc7 8. Qd2 b6 9. Be2 Bb7 10. Rd1 Nbd7 11. 0-0 a6 12. e5 dxe5 13. dxe5 Nd5 14. Nxd5 cxd5 15. e6 fxe6 16. Ng5 Qc6 17. Bg4 d4 18. Bxe6+ Kh8 19. f3 dxe3 20. Qxe3 Qc5 21. Qxc5 Nxc5 22. Nf7+ Rxf7 23. Bxf7 Bxb2 24. Rfe1 Bf6 25. Bb3 a5 26. Re2 Bc6 27. f4 Bxa4 0-1

[Event "Leiden SB-ch"]
[Site "Leiden"]
[Date "2007.05.29"]
[Round "3"]
[White "Kubbenga, Michael"]
[Black "Faydi, Jonathan J"]
[Result "0-1"]
[WhiteElo "1917"]
[BlackElo "1993"]
[PlyCount "60"]
[EventDate "2007.05.15"]
[EventType "swiss"]
[EventRounds "7"]
[EventCountry "NED"]
[SourceTitle "EXT 2012"]
[Source "ChessBase"]
[SourceDate "2011.11.24"]
[SourceVersion "1"]
[SourceVersionDate "2011.11.24"]
[SourceQuality "1"]

1. d4 g6 2. c4 d6 3. Nc3 Bg7 4. e4 e5 5. Nge2 Nc6 6. Be3 Nf6 7. f3 0-0 8. Qd2 Nh5 9. d5 Ne7 10. g4 Nf4 11. Nxf4 exf4 12. Bxf4 f5 13. gxf5 gxf5 14. Bh6 Ng6 15. Bxg7 Qh4+ 16. Qf2 Qxf2+ 17. Kxf2 Kxg7 18. Ke3 Ne5 19. Be2 f4+ 20. Kf2 Bd7 21. b4 b6 22. Rhc1 Kf6 23. Bf1 Rf7 24. a4 a5 25. Nb5 axb4 26. Nxc7 Rxa4 27. Rxa4 Bxa4 28. Ra1 Bc2 29. Nb5 b3 30. Na3 Ra7 0-1

[Event "Leiden SB-ch"]
[Site "Leiden"]
[Date "2007.05.22"]
[Round "2"]
[White "Oudshoorn, Arres"]
[Black "Faydi, Jonathan J"]
[Result "0-1"]
[WhiteElo "1767"]
[BlackElo "1993"]
[PlyCount "110"]
[EventDate "2007.05.15"]
[EventType "swiss"]
[EventRounds "7"]
[EventCountry "NED"]
[SourceTitle "EXT 2012"]
[Source "ChessBase"]
[SourceDate "2011.11.24"]
[SourceVersion "1"]
[SourceVersionDate "2011.11.24"]
[SourceQuality "1"]

1. e4 d6 2. d4 Nf6 3. Nc3 g6 4. Bc4 Bg7 5. Nge2 b6 6. Be3 Bb7 7. f3 d5 8. Bb5+ c6 9. Ba4 b5 10. Bb3 b4 11. Na4 dxe4 12. fxe4 Nxe4 13. Qd3 Nd6 14. Nc5 Bc8 15. 0-0-0 Bf5 16. Qd2 a5 17. Ng3 Nd7 18. Qe2 0-0 19. Qf3 Nb6 20. Na4 Rc8 21. Nxf5 Nxf5 22. Bf2 Nxa4 23. Bxa4 Qd5 24. Qxd5 cxd5 25. Bb3 e6 26. a3 Bh6+ 27. Kb1 Be3 28. Rhf1 Bxf2 29. Rxf2 bxa3 30. bxa3 Ne3 31. Re1 Nc4 32. Ka2 Nd6 33. Rf3 Ne4 34. Rd3 Rc7 35. Ree3 Rfc8 36. Kb2 Rb8 37. a4 Nd6 38. Ka2 Kg7 39. Re2 Ne4 40. Ree3 f5 41. Kb2 g5 42. h3 Kf6 43. Rf3 h5 44. Kc1 g4 45. hxg4 hxg4 46. Rf1 Rh8 47. Re3 Rc3 48. Rxc3 Nxc3 49. Kd2 Ne4+ 50. Kd3 Rc8 51. c4 dxc4+ 52. Bxc4 Rxc4 53. Kxc4 Nd2+ 54. Kb5 Nxf1 55. Kxa5 f4 0-1

[Event "Leiden SB-ch"]
[Site "Leiden"]
[Date "2006.06.06"]
[Round "4"]
[White "Faydi, Jonathan J"]
[Black "Stork, Ornett J"]
[Result "0-1"]
[WhiteElo "2010"]
[BlackElo "2125"]
[PlyCount "52"]
[EventDate "2006.05.16"]
[EventType "swiss"]
[EventRounds "7"]
[EventCountry "NED"]
[SourceTitle "EXT 2012"]
[Source "ChessBase"]
[SourceDate "2011.11.24"]
[SourceVersion "1"]
[SourceVersionDate "2011.11.24"]
[SourceQuality "1"]

1. Nf3 d5 2. c4 c6 3. g3 Bg4 4. Ne5 Bf5 5. Qb3 Qc7 6. d4 dxc4 7. Qf3 e6 8. e4 Bg6 9. h4 Nf6 10. Nc3 Bb4 11. Nxg6 hxg6 12. Bxc4 Nbd7 13. Be3 Qa5 14. Rc1 e5 15. a3 Bd6 16. Bd2 Qb6 17. d5 Qxb2 18. Rb1 Qxa3 19. Rxb7 Nc5 20. dxc6 Nxb7 21. cxb7 Rb8 22. Bb5+ Kf8 23. Bc6 Qa6 24. Bb5 Qxb7 25. 0-0 Bb4 26. Rb1 Bxc3 0-1

[Event "Leiden SB-ch"]
[Site "Leiden"]
[Date "2004.05.26"]
[Round "2"]
[White "Slingerland, Fred"]
[Black "Faydi, Jonathan J"]
[Result "1-0"]
[WhiteElo "2208"]
[BlackElo "1955"]
[PlyCount "33"]
[EventDate "2004.05.19"]
[EventType "swiss"]
[EventRounds "7"]
[EventCountry "NED"]
[SourceTitle "EXT 2012"]
[Source "ChessBase"]
[SourceDate "2011.11.24"]
[SourceVersion "1"]
[SourceVersionDate "2011.11.24"]
[SourceQuality "1"]

1. e4 d6 2. d4 Nf6 3. Nc3 g6 4. f4 Bg7 5. a3 0-0 6. Nf3 Na6 7. Be3 Ng4 8. Bg1 c5 9. Bxa6 bxa6 10. dxc5 Bxc3+ 11. bxc3 Qa5 12. Qd4 dxc5 13. Qxc5 Qa4 14. Bd4 Qxc2 15. 0-0 Bb7 16. h3 Nf6 17. Qxe7 1-0

[Event "CFriend AT-2003-0-00019 email"]
[Site "Chessfriend.com"]
[Date "2003.10.06"]
[Round "1"]
[White "Faydi, Jonathan J"]
[Black "Herbst, Bernd"]
[Result "0-1"]
[WhiteElo "1955"]
[BlackElo "1800"]
[PlyCount "30"]
[EventDate "2003.??.??"]
[EventType "match (corr)"]
[EventRounds "2"]
[SourceTitle "Corr 2008"]
[Source "ChessBase"]
[SourceDate "2008.06.24"]
[SourceVersion "1"]
[SourceVersionDate "2008.06.24"]
[SourceQuality "1"]

1. e4 c5 2. Nf3 d6 3. d4 cxd4 4. Nxd4 Nf6 5. Nc3 Nc6 6. Bg5 Qb6 7. Nb3 e6 8. Qd2 a6 9. 0-0-0 Be7 10. Bxf6 Bxf6 11. f4 0-0 12. Qxd6 Rd8 13. Qc5 Rxd1+ 14. Nxd1 Qc7 15. e5 Be7 0-1

[Event "Leiden SB-ch"]
[Site "Leiden"]
[Date "2003.07.01"]
[Round "7"]
[White "Korving, Frank"]
[Black "Faydi, Jonathan J"]
[Result "0-1"]
[WhiteElo "1707"]
[BlackElo "1973"]
[PlyCount "98"]
[EventDate "2003.05.20"]
[EventType "swiss"]
[EventRounds "7"]
[EventCountry "NED"]
[SourceTitle "CBM 095 Extra"]
[Source "ChessBase"]
[SourceDate "2003.09.04"]
[SourceVersion "1"]
[SourceVersionDate "2003.09.04"]
[SourceQuality "1"]

1. e4 d6 2. d4 Nf6 3. Nc3 g6 4. Be3 c6 5. f3 b5 6. Qd2 Nbd7 7. 0-0-0 Bb7 8. h4 Nb6 9. b3 a5 10. Nh3 Qc7 11. Nf4 a4 12. e5 b4 13. Nb5 cxb5 14. Bxb5+ Bc6 15. Bxc6+ Qxc6 16. d5 Nfxd5 17. Nxd5 Nxd5 18. Qxd5 Qxd5 19. Rxd5 axb3 20. exd6 exd6 21. cxb3 Rxa2 22. Bd4 Rg8 23. g4 Bg7 24. Bxg7 Rxg7 25. Rhd1 f5 26. Rxd6 Rc7+ 27. Kb1 Rcc2 28. Rd8+ Ke7 29. R8d7+ Ke6 30. f4 fxg4 31. Rxh7 Rcb2+ 32. Kc1 Ra1+ 33. Kxb2 Rxd1 34. h5 gxh5 35. Rxh5 Rd4 36. Re5+ Kf6 37. Re3 Kf5 38. Kc2 Kxf4 39. Re8 Kf3 40. Rf8+ Kg2 41. Rg8 g3 42. Rf8 Kg1 43. Rf7 g2 44. Rf8 Kh2 45. Rh8+ Kg3 46. Rg8+ Rg4 47. Rxg4+ Kxg4 48. Kd3 g1Q 49. Kc4 Qb6 0-1

[Event "Leiden SB-ch"]
[Site "Leiden"]
[Date "2003.06.24"]
[Round "6"]
[White "Faydi, Jonathan J"]
[Black "Van Ketel, Raoul"]
[Result "0-1"]
[WhiteElo "1973"]
[BlackElo "2159"]
[PlyCount "80"]
[EventDate "2003.05.20"]
[EventType "swiss"]
[EventRounds "7"]
[EventCountry "NED"]
[SourceTitle "CBM 095 Extra"]
[Source "ChessBase"]
[SourceDate "2003.09.04"]
[SourceVersion "1"]
[SourceVersionDate "2003.09.04"]
[SourceQuality "1"]

1. e4 e6 2. d4 d5 3. Nd2 Nf6 4. e5 Nfd7 5. Bd3 c5 6. c3 Nc6 7. Ne2 Qb6 8. Nf3 cxd4 9. cxd4 f6 10. exf6 Nxf6 11. 0-0 Bd6 12. b3 0-0 13. Bf4 Bxf4 14. Nxf4 Qc7 15. Qc1 Ne4 16. Ne5 Qd6 17. Nxc6 bxc6 18. Nh5 Nf6 19. Qg5 Qe7 20. Rac1 Bd7 21. Rfe1 Qf7 22. Nxf6+ Qxf6 23. Qxf6 gxf6 24. Rc3 Rab8 25. a3 Rf7 26. Bc2 Kf8 27. Rc5 Ke7 28. b4 Kd6 29. f4 Re7 30. Ba4 Rb6 31. Kf2 Ra6 32. Ra5 Rxa5 33. bxa5 e5 34. fxe5+ fxe5 35. dxe5+ Rxe5 36. Rb1 d4 37. Rd1 c5 38. Bxd7 Kxd7 39. Rb1 Kc6 40. Rb8 d3 0-1

[Event "Leiden SB-ch"]
[Site "Leiden"]
[Date "2002.06.25"]
[Round "6"]
[White "Faydi, Jonathan J"]
[Black "Van Vliet, Jeffrey"]
[Result "0-1"]
[WhiteElo "1882"]
[BlackElo "2076"]
[PlyCount "54"]
[EventDate "2002.05.21"]
[EventType "swiss"]
[EventRounds "7"]
[EventCountry "NED"]
[SourceTitle "EXT 2003"]
[Source "ChessBase"]
[SourceDate "2002.11.25"]
[SourceVersion "1"]
[SourceVersionDate "2002.11.25"]
[SourceQuality "1"]

1. d4 Nf6 2. Bg5 Ne4 3. Bf4 d6 4. f3 Nf6 5. e4 g6 6. Qd2 Bg7 7. Nc3 Nbd7 8. 0-0-0 c6 9. Bh6 0-0 10. g4 Qa5 11. Kb1 e5 12. Bxg7 Kxg7 13. Nge2 b5 14. Ng3 Nb6 15. dxe5 dxe5 16. Nh5+ Nxh5 17. gxh5 b4 18. Ne2 Nc4 19. Qc1 Be6 20. b3 Na3+ 21. Ka1 Qc5 22. c4 a5 23. Ng3 a4 24. hxg6 fxg6 25. Nh5+ gxh5 26. Qg5+ Kh8 27. Rg1 Rf7 0-1